| 000 | 00754nam a2200229 a 4500 | ||
|---|---|---|---|
| 001 | 000003525 | ||
| 003 | DO-SdBNP | ||
| 005 | 20240409180111.0 | ||
| 007 | ta | ||
| 008 | 081204s1938 dr c 001 0 spa d | ||
| 040 |
_aDO-SdBNP _bspa _cBNPHU |
||
| 082 | 4 |
_a972.9304 _bA669h _222 |
|
| 100 | 1 |
_aArchambault, Pedro M., _q(Pedro María) _92398 |
|
| 245 | 1 | 0 |
_aHistoria de la Restauración / _cPedro María Archambault. |
| 260 |
_aParís : _bLa Librairie Technique et Economique, _c1938. |
||
| 300 |
_a330 p. : _bretrs. ; _c24 cm. |
||
| 504 | _aBibliografía: [325]-326. | ||
| 590 | _aInventariado, 2022 / DG | ||
| 651 | 0 |
_aREPÚBLICA DOMINICANA _xHISTORIA _yRESTAURACIÓN 1863-1865 _9896 |
|
| 910 | _aValidado. Control de calidad MMOLINA | ||
| 942 |
_2ddc _cLBS1 |
||
| 999 |
_c3351 _d3351 |
||